00000000nam 2200000zi 4500
0019.945455
003CaOODSP
00520241122114158
006m     o  d f      
007cr mn|||||||||
008241122t19921992onco    o    f000 0 fre d
040 |aCaOODSP|bfre|erda|cCaOODSP
043 |an-cn---
0861 |aCo22-116/1992F-PDF|zCo22-116/1992
24503|aLa gestion du spectre au Canada.
264 1|a[Ottawa] : |bCommunications Canada, |c[1992].
264 4|c©1992
300 |a1 ressource en ligne (8 pages non numérotées) : |bphotographies
336 |atexte|btxt|2rdacontent/fre
337 |ainformatique|bc|2rdamedia/fre
338 |aressource en ligne|bcr|2rdacarrier/fre
500 |aÉdition numérisée de l'imprimé [par Innovation, sciences et développement économique Canada].
500 |aPublié aussi en anglais sous le titre : Spectrum management in Canada.
650 6|aRadiodiffusion|zCanada.
650 6|aTélécommunications|zCanada.
7101 |aCanada. |bCommunications Canada, |eorganisme de publication.
77508|tSpectrum management in Canada.|w(CaOODSP)9.945449
7760#|tLa gestion du spectre au Canada / |w(CaOODSP)9.653210
85640|qPDF|s1.87 Mo|uhttps://publications.gc.ca/collections/collection_2024/isde-ised/co22/Co22-116-1992-fra.pdf